| 000 | 00548nam a22001937a 4500 | ||
|---|---|---|---|
| 005 | 20251108172208.0 | ||
| 008 | 250721s1993 xx 000 0 ara d | ||
| 082 | 1 | 4 | _a636/أسا |
| 100 | 1 | _aفورست، جون سي | |
| 245 | 1 | 0 | _aأساسيات علم اللحوم / |
| 264 | 1 |
_aالبصرة : _c1993. |
|
| 300 | _a558ص | ||
| 650 | 1 | 7 | _aالمواشي |
| 650 | 1 | 7 | _aالحيوانات الزراعية |
| 650 | 1 | 7 | _aاللحوم |
| 700 | 1 |
_aطاهر، محارب عبد الحميد _eترجمة |
|
| 942 |
_2ddc _cBK |
||
| 999 |
_c72831 _d72831 |
||